| 000 | 00565nam a2200169 a 4500 | ||
|---|---|---|---|
| 005 | 20230603063539.0 | ||
| 008 | 991125s1971 ag 000 0 spa u | ||
| 035 | _aUPN01000005431 | ||
| 049 | _aCG | ||
| 050 | 4 |
_aLB1571 _bB37 |
|
| 245 | 1 | 0 | _aBases para el curriculum de las escuelas de nivel elemental. |
| 260 |
_aBuenos Aires : _bCentro Nacional de Documentación e Información Educativa, _c1971. |
||
| 300 | _a379 p. | ||
| 650 | 4 |
_aEducación primaria _zArgentina _96231 |
|
| 650 | 4 |
_aEDUCACION PRIMARIA - _vPLANES Y PROGRAMAS - _vEVALUACION _918572 |
|
| 905 | _aLibro | ||
| 999 |
_c5431 _d5431 |
||